| 000 | 00563nam a2200121Ia 4500 | ||
|---|---|---|---|
| 008 | 220615s9999||||xx |||||||||||||| ||und|| | ||
| 100 | _aKroeger, Paul | ||
| 245 | 0 |
_aAnalyzing meaning _bAn introduction to semantics and pragmatics |
|
| 546 | _aEnglish[eng] | ||
| 650 | _aLinguistics||Implicature||Inference||Semantics||Speech act | ||
| 856 | _uhttps://library.oapen.org/bitstream/20.500.12657/29552/1/1000382.pdf||https://library.oapen.org/bitstream/20.500.12657/29552/1/1000382.pdf||https://library.oapen.org/bitstream/20.500.12657/29552/1/1000382.pdf | ||
| 942 | _cEB | ||
| 999 |
_c7756 _d7756 |
||